Ứng dụng công nghệ thông tin và truyền thông trong đổi mới hoạt động thư viện

Tập hợp các bài viết lớn nhỏ đã công bố tại các hội thảo khoa học chuyên ngành và trên các tạp chí về ngành thông tin -thư viện

Uloženo v:
Podrobná bibliografie
Hlavní autor: Vương, Toàn
Médium: Kniha
Jazyk:Undetermined
Vydáno: Hà Nội Thông tin và Truyền thông 2013
Témata:
Tagy: Přidat tag
Žádné tagy, Buďte první, kdo otaguje tento záznam!
Thư viện lưu trữ: Trung tâm Học liệu Trường Đại học Cần Thơ
LEADER 00874nam a2200217Ia 4500
001 CTU_202664
008 210402s9999 xx 000 0 und d
020 |c 60000 
082 |a 025 
082 |b T406 
100 |a Vương, Toàn 
245 0 |a Ứng dụng công nghệ thông tin và truyền thông trong đổi mới hoạt động thư viện 
245 0 |c Vương Toàn 
260 |a Hà Nội 
260 |b Thông tin và Truyền thông 
260 |c 2013 
520 |a Tập hợp các bài viết lớn nhỏ đã công bố tại các hội thảo khoa học chuyên ngành và trên các tạp chí về ngành thông tin -thư viện 
650 |a Library science,Khoa học thư viện 
904 |i Nguyên 
910 |a Khoa 
980 |a Trung tâm Học liệu Trường Đại học Cần Thơ